000 00741cam a22002653a 4500
001 358
003 PGUSA
005 20140828082947.0
008 951101s1995||||xxu|||||s|||||000 1 eng d
040 _aPGUSA
_beng
042 _adc
050 4 _aPS
100 1 _aDavis, Richard Harding,
_d1864-1916
245 1 4 _aThe Scarlet Car
_h[electronic resource] /
_cRichard Harding Davis
260 _bProject Gutenberg,
_c1995
506 _aPublic domain in the USA.
516 _aElectronic text
653 _aAutomobiles -- Fiction
653 _aAutomobile driving -- Fiction
653 _aHumorous stories
653 _aLove stories
830 0 _aProject Gutenberg
_v358
856 4 0 _uhttp://www.gutenberg.org/ebooks/358
942 _cEB
999 _c229709
_d229709